• 首页
  • 本馆介绍
  • 公告通知
  • 最新文献
  • 馆藏检索
  • 电子资源
  • 读者导购
  • 参考咨询
  • 我的图书馆
  • 登录
  • 详细信息显示
  • 放入我的书架
  • 预约/预借图书
  • 作者相关作品
  • 分类相关作品
  • 丛书相关作品
  • 出版社相关作品

书目信息

  • 表格格式
  • 工作单格式
  • 卡片格式
题名:
促进与合作
    
 
作者: 马全中, 著
分册:  
出版信息: 北京   中国社会科学出版社  2018
页数: 253页
开本: 24cm
丛书名:
单 册:
中图分类: D564 , D035.1
科图分类:
主题词: 非政府组织--fei zheng fu zu zhi--研究 , 国家行政机关--guo jia xing zheng ji guan--行政管理--研究
电子资源:
ISBN: 978-7-5203-1589-0
000 01271nam0 2200301 450
001 012001006261
005 20131016103428.0
010    @a978-7-5203-1589-0@dCNY68.00
099    @aCAL 012018121498
100    @a20180828d2018 em y0chiy50 ea
101 0  @achi
102    @aCN@b110000
105    @ay a 000yy
106    @ar
200 1  @a促进与合作@Acu jin yu he zuo@e论非政府组织与服务型政府的相互构建@f马全中著
210    @a北京@c中国社会科学出版社@d2018
215    @a253页@d24cm
314    @a马全中, 1974年生, 河南省信阳人, 管理学博士, 韶关学院政治与公共事务管理学院副教授。
320    @a有书目
330    @a本书主要描述了非政府组织兴起的背景和过程, 论证了非政府组 织在催生新的政府类型 —— 服务型政府中的作用。本书通过对非政府组织特性和治理功能的分析, 论证了非政府组织在促进领域之间的融合、促进合作治理以及行政人员伦理精神生成等过程中的作用。
517 1  @a论非政府组织与服务型政府的相互构建@Alun fei zheng fu zu zhi yu fu wu xing zheng fu de xiang hu gou jian
606 0  @a非政府组织@Afei zheng fu zu zhi@x研究
606 0  @a国家行政机关@Aguo jia xing zheng ji guan@x行政管理@x研究
690    @aD564@v5
690    @aD035.1@v5
701  0 @a马全中,@Ama quan zhong@f1974-@4著
801  0 @aCN@b上海新华@c20191020
905    @b1099234-7@dD564@e253@f4
    
    促进与合作:论非政府组织与服务型政府的相互构建/马全中著.-北京:中国社会科学出版社,2018
    253页;24cm
    
    
    ISBN 978-7-5203-1589-0:CNY68.00
    本书主要描述了非政府组织兴起的背景和过程, 论证了非政府组 织在催生新的政府类型 —— 服务型政府中的作用。本书通过对非政府组织特性和治理功能的分析, 论证了非政府组织在促进领域之间的融合、促进合作治理以及行政人员伦理精神生成等过程中的作用。
●
相关链接 在E读中查询图书 在五车中查询图书 在当当中查询图书 在豆瓣中查询图书


正题名:促进与合作     索取号:D564/253         预约/预借

序号 登录号 条形码 馆藏地/架位号 状态 备注
1 1099234   210992345   第一样本阅览室/ [索取号:D564/253] 在馆    
2 1099235   210992354   第一借阅区/ [索取号:D564/253] 在馆    
3 1099236   210992363   第一借阅区/ [索取号:D564/253] 在馆    
4 1099237   210992372   第一借阅区/ [索取号:D564/253] 在馆    
唐山师范学院图书馆 欢迎您!
大连网信软件有限公司© 版权所有